00359nam a2200145Ia 4500008004100000041000800041082001700049100001600066245003700082250002000119260002000139300000800159365001600167700003000183230718s9999 xx 000 0 und d aeng a621.313bBAK aBakshi U.A. aElectrical Circuits And Machines a5th Revised ed. c2009bTechnical a654 cRs.b395.00 aBakshi U.A. & Bakshi V.U.